000 01147nam a22003857a 4500
003 DO-SdBPM
005 20251211123701.0
007 ta
008 180205b1998 sp a | 00| 0 spa d
015 _a
017 _a
_b
020 _a84083611201
035 _a
040 _aDO-SdBPM
_bspa
_cBPMSU
_e rda
080 _a
080 _a
082 4 _aR616.024
_bC199re 1998
_222
100 1 _aCamps, Ángels
_eautor
_4aut.
245 1 4 _aRemedios de la abuela :
_b para el campo y las vacaciones /
_c Ángels Camps ; ilustraciones Núria Armengol
_h
250 _a
264 _aBarcelona :
_bPlaneta,
_c1998.
300 _a69 páginas :
_bilustraciones ;
_c26 cm.
336 _atexto
_btxt
_2rdacontent
337 _asin mediación
_bn
_2rdamedia
338 _avolumen
_b nc
_2rdacarrier
490 1 _a
_v
590 _aInventariado, 2025/VM
650 7 _aPlantas medicinales
_2
650 7 _aBotánica médica
650 7 _aMateria médica vegetal
650 7 _aPlantas medicinales
_vCatálogo
700 1 _aArmengol, Núria
_eilustraciones
910 _aVMateo V. Control de caldiad. BPMSU
942 _2ddc
_cBK
999 _c15578
_d15578